Afghanistan's regional dilemmas : (Record no. 103523)

MARC details
000 -LEADER
fixed length control field 00836nam a22002297a 4500
005 - DATE AND TIME OF LATEST TRANSACTION
control field 20210222150523.0
010 ## - LCCN (DPL NO)
LC control number 1718EN-30 ENG-116041 B-687271-272
020 ## - INTERNATIONAL STANDARD BOOK NUMBER
International Standard Book Number 9788125063223
Terms of availability 750.00
035 ## - SYSTEM CONTROL NUMBER
System control number EN-99573
035 ## - SYSTEM CONTROL NUMBER
System control number B-687271-272
037 ## - SOURCE OF ACQUISITION
Source of stock number/acquisition Uppal
037 ## - SOURCE OF ACQUISITION
Source of stock number/acquisition DBAD/PUB
082 ## - DEWEY DECIMAL CLASSIFICATION NUMBER
Classification number 327.581054
245 ## - TITLE STATEMENT
Title Afghanistan's regional dilemmas :
Statement of responsibility, etc edited by Harsh V.Pant
Remainder of title South Asia and beyond /
260 ## - PUBLICATION, DISTRIBUTION, ETC. (IMPRINT)
Date of publication, distribution, etc 2016
Place of publication, distribution, etc New Delhi
Name of publisher, distributor, etc Orient Blackswan
270 ## - ADDRESS
Address 1/24, Asaf Ali Road
City New Delhi
Postal code 110002
300 ## - PHYSICAL DESCRIPTION
Dimensions 23cm(Hb)
Extent xiv,180p.
500 ## - GENERAL NOTE
General note Includes index
700 ## - ADDED ENTRY--PERSONAL NAME
Personal name Pant,Harsh V.
942 ## - ADDED ENTRY ELEMENTS (KOHA)
Item type English Books
Source of classification or shelving scheme Dewey Decimal Classification
Classification part 327.581054
Call number suffix AFG
Holdings
Withdrawn status Lost status Not for loan Collection code Home library Current library Date acquired Source of acquisition Cost, normal purchase price Full call number Barcode Copy number Cost, replacement price Koha item type
      Non-fiction Ashok Vihar Ashok Vihar 27/06/2018 UPPAL/14845/4.12.2017/691/20.11.2017/10.01.2018 750.00 327.581054 AFG B-687272 1 750.00 English Books
      Non-fiction Central Library Central Library 27/06/2018 UPPAL/14845/4.12.2017/691/20.11.2017/10.01.2018 750.00 327.581054 AFG B-687271 1 750.00 English Books
      Non-fiction Patel Nagar Patel Nagar 21/09/2016 DBAD/PUB 750.00 327.581054 AFG EN-99573 1 750.00 English Books

© Delhi Public Library
Hit Counter
free hit counter